Представление документа в формате RUSMARC

ПолеНазваниеЗначение
  Тип записи a
  Библиографический уровень m
001 Контрольный номер 99099311b89947a2a67b06b53ad852ad
005 Дата корректировки 20210209181855.7
010 Индекс ISBN __
a ISBN 978-5-04-100785-0
d Цена 253-00
100 Данные общей обработки __
a Данные общей обработки 20210209d2021####am#y0rusy50######ca
101 Язык документа 0_
a Язык текста rus
102 Страна публикации __
a Страна публикации RU
200 Заглавие и сведения об ответственности 1_
a Заглавие Это же любовь!
e Сведения, относящиеся к заглавию книга, которая помогает семьям
f Первые сведения об ответственности Вика Дмитриева
210 Выходные данные 1_
a Место издания Москва
c Издательство Эксмо
d Дата издания 2021
215 Физическое описание __
a Объем 300 с.
c Иллюстрации/тип воспроизводства ил., табл.
320 Библиография __
a Библиография Библиография: с. 300
330 Аннотация __
a Аннотация Идеальные пары никогда не ссорятся, не устают, не раздражают друг друга и не существуют. Об отношениях от зарождения до угасания страсти: - как понять, подходите ли вы друг другу; - что происходит с любовью, когда исчезают "бабочки в животе"; - что обязательно нужно сделать до вступления в брак; - что такое настоящая, а не отфотошопленная семейная жизнь. Автор дает работающие психологические практики, множество примеров из жизни и, конечно, фирменный авторский юмор, уже знакомый читателям по книге "Это же ребенок! Школа адекватных родителей".
333 Примечание о целевом назначении __
a Примечание о целевом назначении 16+
606 Тематические рубрики __
a Основная рубрика Психология
606 Тематические рубрики __
a Основная рубрика Психология социальных институтов
610 Ключевые слова 0_
a Ключевые слова семья и брак
a Ключевые слова семейная психология
a Ключевые слова семейное счастье
a Ключевые слова психология семьи
a Ключевые слова психология брака
686 Индексы других классификаций __
a Индекс ББК 88.57
700 Автор _1
a Фамилия Дмитриева
b Имя В. Д.
g Полное личное имя Виктория Дмитриевна
c Титул (звания) социолог
801 Источник записи _0
a Страна RU
b Организация Центральная районная библиотека им. Г. А. Пирожникова
c Дата составления 20210209
g Правила каталогизации bzbo
801 Источник записи _1
a Страна RU
b Организация Центральная районная библиотека им. Г. А. Пирожникова
c Дата составления 20210209
g Правила каталогизации bzbo
852 Данные о местонахождении __
j Шифр хранения 88.57
i Авторский знак Д 534
901 Тип документа __
t Тип документа m
902 Роль лиц __
a Создатель БЗ ОКиО/Шумских